| 000 | 01835nam a22002897a 4500 | ||
|---|---|---|---|
| 001 | 8117 | ||
| 003 | FISKH | ||
| 005 | 20250827103655.0 | ||
| 008 | 250827b cb ||||| |||| 00| 0 eng d | ||
| 020 | _a9789996325243 | ||
| 040 |
_aFISKH _bkhr _cFISKH _dFISKH |
||
| 050 | _aPZ7 | ||
| 100 | _aMony, Kun | ||
| 245 |
_aក្អែកការកូន : _bwedding of the crow's children / _cអ្នករៀបរៀង គុណ មន្នី , វិចិត្រកររូបភាព ថៃ សាន |
||
| 260 |
_aភ្នំពេញ : _bBook World , |
||
| 300 |
_a20 pages: _bcolor illustrations ; _c25 cm . |
||
| 505 | _aP | ||
| 520 | _aក្អែកអញ្ជើញអណ្តើកទៅសុីការកូននៅចុងត្នោត ។ ពស់ហៅវាអណ្តើកខាំកន្ទុយខ្លួនដើម្បីបានទៅដល់កន្លែងការ ស្រាប់តែវាច្រលំនិយាយជាមួយសត្វដទៃទៀត ក៏ធ្លាក់មកលើដី ហើយស្រាំស្នូករហូតដល់សព្វថ្ងៃ ។ | ||
| 520 | _aA crow invited a turtle to attend a wedding feast at the top of a palm tree. A snake told the turtle to bite its tail so it could carry the turtle up to the wedding. But along the way, the turtle got distracted, talking to other animals, and accidentally let go. It fell to the ground and has remained silent ever since. | ||
| 521 | 8 |
_a650
_bLexile estimate |
|
| 521 | 8 |
_aP
_bRaz-Plus |
|
| 650 |
_aក្អែកការកូន _vរឿងនិទានកុមារ |
||
| 650 |
_aWedding of the crow's childdren _vChildren's stories |
||
| 700 |
_aSan, Thai _eIllustrator |
||
| 942 |
_2ddc _cKHB _n0 |
||
| 999 |
_c8117 _d8117 |
||